Las cadenas fisiológicas
Збережено в:
| Автор: | |
|---|---|
| Формат: | Книга |
| Мова: | Іспанська |
| Опубліковано: |
Badalona
Editorial Paidotribo
2016
|
| Редагування: | 2a. ed |
| Предмети: | |
| Теги: |
Додати тег
Немає тегів, Будьте першим, хто поставить тег для цього запису!
|
MARC
| LEADER | 00000cam a2200000 a 4500 | ||
|---|---|---|---|
| 001 | UCD7312 | ||
| 003 | CL-VaPUC | ||
| 008 | 170317e20160000sp |||||||||||||||||spa|d | ||
| 020 | |a 9788499106090t.1 | ||
| 020 | |a 9788499100913t.5 | ||
| 020 | |a 9788499106328t.7 | ||
| 082 | 0 | 4 | |a 616.74 |b BUS |2 21 |
| 100 | |a Busquet, Léopold |e author |9 591296 | ||
| 245 | 1 | 4 | |a Las cadenas fisiológicas |
| 250 | |a 2a. ed | ||
| 300 | |a t | ||
| 942 | |c BK | ||
| 945 | |d 20170317 22:16:00 |a arojas | ||
| 260 | |a Badalona |b Editorial Paidotribo |c 2016 | ||
| 500 | |a t.1: Fundamentos del método: tronco, columna cervical y miembro superior | ||
| 500 | |a t.5: Tratamiento del cráneo | ||
| 500 | |a t.7: La cadena visceral, torax, garganta y boca | ||
| 650 | 7 | |a SISTEMA MUSCULO ESQUELETICO |2 CL-VaPUC |9 477666 | |
| 650 | 7 | |a CRANEO |2 CL-VaPUC |9 532723 | |
| 650 | 7 | |a TRAUMATISMO |2 CL-VaPUC |9 591297 | |
| 650 | 7 | |a LESIONES |2 CL-VaPUC |9 341963 | |
| 650 | 0 | |a Vísceras |9 411261 | |
| 583 | |a last modification |c 20180111 01:11:14 |k Rodrigo Vera | ||
| 999 | |c 367374 |d 367372 | ||
| 952 | |0 0 |1 0 |3 erb |4 0 |6 616_740000000000000_BUS_2016 |7 0 |8 A |9 482214 |a BIBEDU |b BIBEDU |h t.5 |i 5365015 |o 616.74 BUS 2016 |p 5365015 |r 2019-11-24 |w 2019-11-24 |y BK |z Catalogado en:20170317 |k EFI | ||
| 952 | |0 0 |1 0 |3 erb |4 0 |6 616_740000000000000_BUS_2016 |7 0 |8 A |9 482215 |a BIBEDU |b BIBEDU |h t.5 |i 5365023 |o 616.74 BUS 2016 |p 5365023 |r 2019-11-24 |w 2019-11-24 |y BK |z Catalogado en:20170317 |k EFI | ||
| 952 | |0 0 |1 0 |3 erb |4 0 |6 616_740000000000000_BUS_2016 |7 0 |8 A |9 482216 |a BIBEDU |b BIBEDU |h t.1 |i 5447941 |o 616.74 BUS 2016 |p 5447941 |r 2019-11-24 |w 2019-11-24 |y BK |z Catalogado en:20180114 |k EFI | ||
| 952 | |0 0 |1 0 |3 erb |4 0 |6 616_740000000000000_BUS_2016 |7 0 |8 A |9 482217 |a BIBEDU |b BIBEDU |h t.7 |i 5447968 |o 616.74 BUS 2016 |p 5447968 |r 2019-11-24 |w 2019-11-24 |y BK |z Catalogado en:20180114 |k EFI | ||